000 00740nam a2200229Ia 4500
008 191130s1999##################000#0#eng##
020 _a851993249
022 _a273712
040 _aACL
_cACL
082 _a579.28 SMI
245 _aThe Luteoviridae
_cedited by H.G. Smith and H. Barker
260 _aWallingford, UK ; Cambridge, MA
_bCABI Publishing
_c1999
300 _axviii, 297 p. : ill. ; 25 cm
500 _aPapers from a meeting held at the Royal Agricultural College, Cirencester, UK, 24-26 April 1997
650 _aLuteoviridae - Congresses
650 _aPlant viruses - Congresses
700 _aBarker, H
700 _aSmith, H. G
990 _ac8e9bbf0ac10000c0e5a6c4b93a6459b
991 _a233213
999 _c57578
_d57578